| 000 | 00803cab a2200253 4500 | ||
|---|---|---|---|
| 001 | ABS46660 | ||
| 008 | 090401t1992 xxu||||| |||| 00| 0 eng d | ||
| 035 | _a(Sirsi) u59051 | ||
| 041 | _aeng | ||
| 100 | _aDuncan, B. | ||
| 245 | _aCommercial valuation - are surveyors giving clients what they want? | ||
| 260 | _c1992 | ||
| 350 | _a0 | ||
| 490 |
_aCS Monthly : General Practice _v1(9) June 1992, 6(1) |
||
| 520 | _aProvides a checklist of what should be included in a written valuation report. Stresses the importance of ensuring it suits the clients requirements. | ||
| 650 | _aCLIENTS REQUIREMENTS | ||
| 650 | _aCLIENTS | ||
| 650 | _aVALUATION PRACTICE | ||
| 650 | _aVALUATION REPORTS | ||
| 690 | _aRATING AND VALUATION | ||
| 700 | _aGannon, P. | ||
| 942 | _n0 | ||
| 948 | _c04/03/1997 | ||
| 999 |
_c36164 _d36164 |
||